Представление документа в формате RUSMARC

ПолеНазваниеЗначение
  Тип записи a
  Библиографический уровень a
001 Контрольный номер RU/CBS_Ul/BASE/512330474
005 Дата корректировки 20240209175158.5
100 Данные общей обработки __
a Данные общей обработки 20160326d2016 ||| 0rusy0189 ca
101 Язык документа 0_
a Язык текста rus
102 Страна публикации __
a Страна публикации RU
105 Кодированные данные (монография) __
a Кодированные данные (монография) y###||||000|y
200 Заглавие и сведения об ответственности 1_
a Заглавие Политрук Клочков. Подвиг без ретуши
b Общее обозначение материала Текст
e Сведения, относящиеся к заглавию [правда о жизни и смерти героя-панфиловца]
f Первые сведения об ответственности Е. Кириченко
300 Общие примечания __
a Общие примечания Ограничения по возрасту - 12+
461 Уровень набора _0
1 2000
a Родина
463 Уровень физической единицы _0
1 001RU/CBS_Ul/BASE/512324584
1 2000
a № 2
v С. 18-23
1 210
d 2016
600 Персоналии _0
a Персоналии (Фамилия) Клочков
b Персоналии (Имя, инициалы) В.Г.
606 Тематические рубрики 0_
a Основная рубрика Великая Отечественная война - 1941 - 1945 - Герои и героизм - Клочков, Василий Георгиевич (1911 - 1941)
z Хронологическая подрубрика 1941-1945 гг.
610 Ключевые слова 0_
a Ключевые слова войны
a Ключевые слова ВОВ
a Ключевые слова Великая Отечественная война
a Ключевые слова панфиловцы
610 Ключевые слова 0_
a Ключевые слова герои
610 Ключевые слова 0_
a Ключевые слова герои-панфиловцы
610 Ключевые слова 0_
a Ключевые слова гвардейцы
610 Ключевые слова 0_
a Ключевые слова стрелковые дивизии
610 Ключевые слова 0_
a Ключевые слова дивизии стрелковые
610 Ключевые слова 0_
a Ключевые слова подвиги
610 Ключевые слова 0_
a Ключевые слова патриоты
610 Ключевые слова 0_
a Ключевые слова патриотизм
686 Индексы других классификаций __
a Классификационный индекс 63.2(2)622.78
2 Код системы ББК
700 Автор _1
a Фамилия Кириченко
b Имя (инициалы) Е.
g Полное личное имя Евгений
801 Источник записи _0
a Страна RU
b Организация МБУК ЦБС г. Ульяновска
c Дата составления 20160326
g Правила каталогизации RCR
801 Источник записи _1
a Страна RU
b Организация МБУК ЦБС г. Ульяновска
c Дата составления 20160326
g Правила каталогизации RCR
901 Тип документа __
t Тип документа b
w Контрольный № источника RU/CBS_Ul/BASE/512324584
910 Корректоры записи __
a Корректор записи Библиотека 1
938 Служебная информация __
a Имя БД period